000 00744nam a2200229 i 4500
001 185675
003 SpMaBN
005 20240501063100.0
008 160802s1981 sp |||| | spa d
020 _a84-7367-134-1
080 _a821.131.1-83"18"
100 1 _aLeopardi, Giacomo,
_d1798-1837
_971704
245 1 0 _aProsas satíricas y poéticas
_b: operette morali /
_cGiacomo Leopardi ; [traductor, Jordi Teixidor].
250 _a1ª ed.
260 _aBarcelona :
_bFontamara,
_c1981.
300 _a202 p. ;
_c18 cm.
490 1 _aAlejandría
700 1 _aTeixidor, Jordi (
_d1939-2011)
_9160298
830 0 _aAlejandría
_9182646
852 _aES-MaACL
_jL-30491
_z. - Donat. Miguel A. Velasco
999 _c185675
_d185675